| Tag |
First Indicator |
Second Indicator |
Subfields |
| LEADER |
00000pam a2200000 i 4500 |
| 001 |
in00000037264 |
| 005 |
20151007072304.0 |
| 008 |
781103s1979 dcu 00010 eng |
| 010 |
|
|
|a 78026001
|
| 020 |
|
|
|a 081061488X
|
| 020 |
|
|
|a 0810614898 (pbk.)
|
| 035 |
|
|
|a (OCoLC)04492633
|
| 035 |
|
|
|9 AAE7595AM
|
| 040 |
|
|
|a DLC
|c DLC
|d TXA
|d UtOrBLW
|
| 049 |
|
|
|a TXAM
|c [980532]
|
| 050 |
0 |
0 |
|a LB2843.F5
|b K7
|
| 082 |
0 |
|
|a 371.1/02
|
| 100 |
1 |
|
|a Krajewski, Robert J.
|
| 245 |
1 |
4 |
|a The beginning teacher :
|b a practical guide to problem solving /
|c by Robert J. Krajewski, R. Baird Shuman.
|
| 264 |
|
1 |
|a Washington :
|b National Education Association,
|c [1979]
|
| 264 |
|
4 |
|c ©1979
|
| 300 |
|
|
|a 128 pages ;
|c 25 cm.
|
| 336 |
|
|
|a text
|b txt
|2 rdacontent
|
| 337 |
|
|
|a unmediated
|b n
|2 rdamedia
|
| 338 |
|
|
|a volume
|b nc
|2 rdacarrier
|
| 490 |
1 |
|
|a Aspects of learning
|
| 650 |
|
0 |
|a First year teachers.
|
| 700 |
1 |
|
|a Shuman, R. Baird
|q (Robert Baird),
|d 1929-2013.
|
| 830 |
|
0 |
|a Aspects of learning.
|
| 999 |
|
|
|a MARS
|
| 999 |
f |
f |
|s bf83663c-be2b-38e2-8d36-68a454717df8
|i 5478f88d-61c2-3240-bf7f-ec3c05e94032
|t 0
|
| 952 |
f |
f |
|p ric
|a Texas A&M University
|b Rellis Campus
|c Joint Library Facility
|d Remote Storage
|t 0
|e LB2843.F5 K7
|h Library of Congress classification
|i unmediated -- volume
|m A14803297174
|
| 998 |
f |
f |
|a LB2843.F5 K7
|t 0
|l Remote Storage
|